[Event "CZE-ch"]
[Site "Zlin"]
[Date "1998.06.22"]
[Round "10"]
[White "Cvek, Robert"]
[Black "Haba, Petr"]
[Result "1-0"]
[WhiteElo "2405"]
[BlackElo "2570"]
[Annotator "Horn,Pe"]
[PlyCount "135"]
[EventDate "1998.06.13"]
[EventType "tourn"]
[EventRounds "11"]
[EventCountry "CZE"]
[EventCategory "9"]
[SourceTitle "CBM 066"]
[Source "ChessBase"]
[SourceDate "1998.09.30"]
[SourceVersion "1"]
[SourceVersionDate "1998.09.30"]
[SourceQuality "1"]

1. Nf3 {Baburin} d5 2. g3 c5 3. Bg2 Nc6 4. c4 d4 5. d3 e5 6. O-O Bd6 7. e3 Nge7
8. exd4 cxd4 {Es ist eine Stellung aus dem Modernen Benoni mit vertauschten
Farben entstanden: Weiß hat ein Tempo mehr als sonst. Vom Original gibt es ein
großes Partienmaterial; verglichen damit ist die Partiestellung fast
unerforscht.} 9. Re1 (9. a3 Bg4 {Diese Fesselung wird bei vertauschten Farben
häufiger angewendet.} (9... a5 10. Nbd2 Ng6 11. Re1 O-O {war die Zugfolge in
Capablanca-Janowski/New York/1924 (->9...0-0)}) 10. Nbd2 O-O 11. b4 a6 12. Ne4
Ng6 13. Nxd6 Qxd6 14. h3 Bf5 15. Ng5 Qd7 16. h4 (16. g4 $5 Be6 17. Be4) 16...
Nge7 17. Ne4 $13 {Kostadinov,A-Budnikov,A/Neuwied op/1993}) 9... f6 {Bei
vertauschten Farben wird das System mit Bd3 und Nge2 meist als scharfes
Angriffssystem interpretiert: man spielt sehr selten Pf3, da man den P auf f4
haben will, um dann auch Pe4-e5 spielen zu können.} (9... O-O 10. a3 (10. c5 $5
) 10... a5 11. Nbd2 Ng6 (11... f6 {->Partie}) (11... f5 12. c5 Bxc5 (12... Bc7
13. Qb3+ Kh8 14. Ng5 $14 {[%cal Rg5f7,Yg5e6]}) 13. Nxe5 Nxe5 14. Rxe5 Bd6 15.
Re1 Kh8 16. Nc4 Ng6 17. Qh5 Ra6 18. Bg5 Qd7 19. Bd2 Bc7 20. b4 $14 {
Andersson-Fernandez/Camaguey/1974}) (11... h6 12. Rb1 a4 13. Ne4 Bb8 14. Bd2 b6
15. Bb4 Ra7 16. b3 axb3 17. Qxb3 Bc7 18. c5 bxc5 19. Nxc5 Re8 20. Nd2 Ra8 21.
Nc4 Rb8 22. Qa4 Nxb4 23. axb4 f6 24. b5 $16 {Wojtkiewicz,A-Law,A/Lloyds Bank
op/1990}) 12. Qc2 Re8 (12... Bg4 13. Rb1 Rc8 14. Qa4 Bd7 15. Qb3 b6 16. Ne4 Be7
17. h4 h6 18. Ned2 Qc7 19. Nf1 Bc5 20. Qd1 Rce8 21. Bd2 Qd6 22. h5 Nge7 23. b4
axb4 24. axb4 Nxb4 25. Nxe5 Bf5 26. Qb3 $14 {Markowski,T-Savchenko,S/London
Lloyds/1994}) 13. Rb1 (13. b3 {Das kommt mir etwas langatmig vor.} h6 (13...
Bf8 $5 14. Rb1 Be6 15. c5 $6 (15. h4 $5) 15... Bd5 16. b4 $2 axb4 17. axb4 b5
$1 $17 {Panchenko,A-Ruban,V/Sochi/1990}) 14. Rb1 Be6 15. h4 (15. c5 Bf8 16. b4
axb4 17. axb4 Ra2 $15 {Aljechin}) 15... Rc8 (15... Qe7 16. h5 (16. Qb2 f6)
16... Nf8 17. c5 Bxc5 18. Nxe5 Nxe5 19. Rxe5 Bd6 {/\ Rac8=/+ Aljechin}) 16. c5
$1 Bb8 17. Nc4 f6 18. Bd2 $14 {Capablanca-Janowski/New York/1924}) 13... Bf8
14. h4 Bg4 15. Nh2 Be6 16. Ne4 h6 17. h5 Nh8 18. g4 f6 19. Qe2 Nf7 20. Bd2 a4
21. Nf1 Qd7 22. Bf3 Reb8 23. Nfg3 b5 24. c5 Ne7 25. Rbc1 Ra6 26. Nf5 Nxf5 27.
c6 $5 $36 {Anastasian,A-Sakaev,K/Groningen/1992}) (9... Ng6 10. a3 a5 11. Nbd2
O-O {->9...0-0}) 10. Nbd2 {Gegenüber Na3 verfolgt hier Weiß auch am
Königsflügel und im Zentrum seine Absichten.} (10. Na3 {[%cal Ya3c2,Ya2a3,
Yb2b4,Ya1b1] Hier ist die Strategie auf die Expansion am Damenflügel gerichtet.
} O-O 11. Nc2 a5 12. Rb1 Bd7 13. b3 Qc7 14. a3 b6 15. b4 axb4 16. axb4 Ra2 17.
Nd2 $13 {Hamdouchi,H-Hawes,J/Manila olm/1992}) 10... O-O 11. a3 {[%cal Yb2b4]}
a5 12. Rb1 (12. Ne4 Be6 13. Bd2 (13. Rb1 Kh8 14. b4 axb4 15. Nxd6 Qxd6 16. axb4
Nxb4 17. Nxd4 Bd7 18. Nb5 Bxb5 19. cxb5 Nxd3 $11 {Davis-Barbulescu/Albena/1986}
) 13... a4 14. b4 axb3 15. Qxb3 Ra7 16. Nxd6 Qxd6 17. Bb4 Nxb4 18. Qxb4 (18.
axb4 Rxa1 (18... Rfa8 $5) 19. Rxa1 b5) 18... Qd7 19. Reb1 $11 {
Andersson-Spassky/Amsterdam/1973}) 12... Ng6 (12... Rb8 13. Qc2 b6 14. Ne4 Bc7
15. b4 axb4 16. axb4 f5 17. Ned2 {[%cal Rb4b5]} Ng6 18. Ba3 Nce7 19. h4 $14 {
Kushch,N-Fedchenko/UKR-chT/1994}) (12... Bg4) (12... a4) (12... Be6) 13. h4 {
Baburin: This move is designed to chase away the g6-knight and to take control
over the light squares on the kingside.} Rb8 {/\ b5; trotzdem gefällt mir
dieser Zug nicht} (13... Bg4) (13... Be6) ({I think that Black should have
stopped ideas surrounding h4-h5 for a while by playing} 13... Bg4 {Baburin})
14. h5 Nh8 {[%cal Yh8f7]} 15. Nh4 {[%cal Yg3g4]} Nf7 (15... f5 16. c5 $1 Bc7 $8
17. b4 axb4 18. axb4 $16 {[%cal Yb4b5,Yd2c4]}) 16. Ne4 Be7 (16... f5 17. Nxd6
Qxd6 18. b4 axb4 19. axb4 b5 (19... Nxb4 $2 20. Ba3 $18) (19... Ra8 20. b5 $14)
20. c5 Qf6 $14) 17. g4 {[%csl Ge4,Gf5] Weiß errichtet eine weißfeldige
Blockade.} Be6 (17... b5 $5) 18. Nf5 h6 (18... Bxf5 $5 {Baburin} 19. gxf5 Qd7
20. Qg4 b5) 19. Bd2 Qd7 20. Neg3 Nd6 21. Qf3 {Baburin: White enjoys a spatial
advantage on the kingside and has also good prospects of play on the opposite
flank.} (21. Bd5 Nxf5 (21... Bxd5 22. cxd5 {[%cal Yd2a5]}) 22. Bxe6+ Qxe6 23.
Nxf5 $14) 21... Rfc8 22. b4 axb4 23. axb4 b5 24. c5 Nxf5 25. gxf5 Bf7 26. Ra1
$16 {[%csl Ga1,Gf3,Gg2] Die weißen Figuren arbeiten sehr gut zusammen: Schwarz
kann nicht auf der a-Linie opponieren.} Bf8 27. Ne4 Kh8 (27... Ne7 28. Nd6 Bd5
29. Qg4 $16) 28. Ra6 Qe8 {[%cal Rf7h5]} 29. Nxf6 gxf6 30. Rxc6 Bxh5 (30... Rxc6
31. Qxc6 Qxc6 32. Bxc6 Bxh5 33. f4 $18) 31. Rxc8 Rxc8 32. Qh3 {[%cal Re1e4,
Re4h4]} Bg7 (32... Kh7 $5 $16 33. Re4 Ra8 34. Rh4 Ra1+ 35. Kh2 Ra2) 33. Ra1 $16
{[%cal Ya6b6,Ya1a6]} (33. Re4 Qf7 34. Rh4 $18) 33... Qf7 34. Qh4 (34. Ra5 Rg8
35. Rxb5 $140 Bf8 36. Kh1 Bg4 $132) 34... Rg8 {[%cal Yg7f8]} 35. Ra6 {hält den
Bg7 auf dem häßlichen Feld fest.} Kh7 36. Rb6 Bh8 $2 (36... Qa2 37. Qxh5 Qxd2
$16) 37. Kh1 (37. c6 $1 {hätte die Partie verkürzt.} Rxg2+ (37... Bg7 38. Rb7
Qa2 (38... Qe8 39. Bd5 $18) 39. Qxh5 Qxd2 40. Qg6+ Kh8 41. Bd5 $18) 38. Kxg2
Qg7+ (38... Bg7 39. Kg1 $18 (39. Rb7 $18)) 39. Kh2 $18) 37... Rg4 38. Qxg4 (38.
Qh3) 38... Bxg4 39. Rb7 Kg8 (39... Qxb7 40. Bxb7 Bxf5 $2 (40... Bg7 41. Be4 {
ergibt keinen wesentlichen Unterschied zur Partiefortsetzung.}) 41. Be4 $18 {
[%cal Rc5c6,Rc6c7,Rc7c8]}) 40. Rxf7 Kxf7 41. Be4 Bg7 42. f3 Bh3 43. Kh2 Bf1 44.
Kg3 Bf8 45. Kh4 {[%csl Gc5,Rh6] Der Ph6 ist nicht zu retten.} Kg7 46. Kh5 Kh7
47. Bxh6 $1 Be7 (47... Bxh6 $4 48. c6 $18) 48. Bd2 Bd8 49. Kg4 Kg7 50. Kg3 Kf8
51. Kf2 Bh3 52. Bh6+ Kg8 53. Kg3 Bf1 54. f4 Bc7 (54... Kf7 $142 55. fxe5 fxe5
56. Kf3 Bh3 57. Bd2 Kf6 58. Be1 Kg5 59. Bg3 Bc7 60. Bc6 Bxf5 61. Bxb5 Bg6 62.
Kf2 $18) 55. fxe5 Bxe5+ (55... fxe5 56. Kg4 $18) 56. Bf4 Bxf4+ 57. Kxf4 Kf8 58.
Kf3 Ke7 59. Kf2 Bh3 60. Bc6 Bxf5 61. Bxb5 Ke6 62. Bc4+ Ke5 63. b5 Bc8 64. Kf3
Bf5 65. Kg3 (65. b6 Bd7 (65... Bc8 66. c6 $18) 66. Bd5 $1 $18) 65... Bc8 66.
Bf7 f5 67. Kf3 f4 68. c6 1-0

[Event "Balkaniad"]
[Site "Kavala"]
[Date "1990.??.??"]
[Round "2"]
[White "Dizdarevic, Emir"]
[Black "Ionescu, Constantin"]
[Result "1/2-1/2"]
[WhiteElo "2500"]
[BlackElo "2440"]
[Annotator "Horn,Pe"]
[PlyCount "152"]
[EventDate "1990.10.??"]
[EventType "team"]
[EventRounds "6"]
[EventCountry "GRE"]
[SourceTitle "CBM 021"]
[Source "ChessBase"]
[SourceDate "1991.04.01"]
[SourceVersion "1"]
[SourceVersionDate "1991.04.01"]
[SourceQuality "1"]

1. Nf3 d5 2. c4 d4 3. g3 c5 4. b4 cxb4 5. a3 b3 $5 6. Bg2 (6. Qxb3 $1) (6. d3 {
/\ Nbd2xb3}) 6... Nc6 7. O-O e5 8. d3 a5 $1 9. Qxb3 $6 (9. a4 $5) 9... a4 10.
Qd1 Bc5 11. Nbd2 $6 (11. Ne1 {/\ Nc2-b4}) 11... f5 12. Ne1 Nf6 13. Nc2 O-O 14.
Nb4 $1 Qd6 (14... Nxb4 $2 15. axb4 Bxb4 16. Rxa4 $16) 15. Nd5 Be6 16. Nxf6+
Rxf6 17. Nf3 h6 (17... e4 18. Ng5) 18. Ne1 Bd7 19. Nc2 Re8 20. Rb1 b6 21. Bd2
Rff8 (21... Bxa3 22. Rxb6) 22. Nb4 (22. Bb4 $5) 22... Na5 23. Nd5 Nb3 24. Bb4
b5 $1 $15 25. cxb5 Bxb5 (25... Be6 $4 26. Bxc5) 26. Rxb3 $2 (26. Qc2 Rc8 $17) (
26. Bxc5 Qxc5 27. Nb4 e4 $15) 26... axb3 27. Qxb3 Kh7 28. Nc7 Qxc7 29. Rc1 Qd7
30. Rxc5 Rf6 31. Qc2 e4 32. dxe4 d3 33. exd3 Bxd3 34. Qd2 fxe4 35. Bc3 Rf7 36.
Be5 Qa4 37. Ra5 Qb3 38. h4 Rc8 39. Bf4 Rc2 40. Qe3 Qb1+ 41. Kh2 Re2 42. Qd4 Qe1
(42... Qc2 $1 43. Qd5 (43. Be3 Rfxf2 44. Bxf2 Rxf2 $19) 43... Rxf2 44. Qxf7
Rxg2+ 45. Kh3 Rh2+ 46. Kg4 Be2+ 47. Kf5 e3+ 48. Ke5 (48. Ke6 Bc4+ $19) 48...
Qc3+ $19) 43. Re5 Qxf2 (43... Rxf2 $2 44. Qxd3) 44. Qxf2 Rxf2 45. Kh3 Re2 46.
a4 Rb7 47. Bf1 Ra2 48. Bxd3 exd3 49. Rd5 Rxa4 (49... Ra3 $5) 50. Rxd3 h5 $2 51.
Rd5 g6 52. Be5 Kg8 53. Rd6 Rg4 54. Bf4 $10 Rb2 55. Ra6 Re2 56. Rb6 Kf7 57. Ra6
Re6 58. Ra5 Rf6 59. Ra4 Ke6 60. Re4+ Kd5 61. Ra4 Rc6 62. Kg2 Rc4 63. Ra5+ Ke4
64. Re5+ Kd4 65. Re1 Kd3 66. Kf3 Rc3 67. Re3+ Kc2 68. Rxc3+ Kxc3 69. Ke4 Kc4
70. Ke5 Kd3 71. Kf6 Ke4 72. Bg5 Rxg3 73. Kxg6 Rb3 74. Kxh5 Kf5 75. Kh6 Rb7 76.
Bd2 Rd7 1/2-1/2

[Event "Hoogovens"]
[Site "Wijk aan Zee"]
[Date "1997.01.21"]
[Round "3"]
[White "Granda Zuniga, Julio E"]
[Black "Nikolic, Predrag"]
[Result "1-0"]
[WhiteElo "2620"]
[BlackElo "2655"]
[Annotator "Horn,Pe"]
[PlyCount "77"]
[EventDate "1997.01.18"]
[EventType "tourn"]
[EventRounds "13"]
[EventCountry "NED"]
[EventCategory "16"]
[SourceTitle "CBM 057"]
[Source "ChessBase"]
[SourceDate "1997.04.01"]
[SourceVersion "1"]
[SourceVersionDate "1997.04.01"]
[SourceQuality "1"]

1. Nf3 d5 2. c4 d4 3. b4 g6 4. g3 Bg7 5. d3 e5 6. Bg2 Ne7 {Pr.Nikolic spielt
diesen Aufbau so häufig, daß man sicher sein kann, daß er von seiner Stärke
überzeugt ist.} 7. Na3 {Üblicherweise kommt dieser N über d2(-b3 ) ins Spiel.
Na3 macht aber in diesen Benoni-Stellungen Sinn: von c2 aus unterstützt er das
Aufbrechen des Zentrums durch e2-e3 und das Feld b4 spielt eine Schlüsselrolle
im Kampf um die Vorherrschaft am Damenflügel.} (7. O-O O-O 8. Nbd2 (8. Ba3 Re8
{Das ist die alte Interpretation des schwarzen Aufbaus: Es folgt Nd7-f8; am
Damenflügel baut Schwarz dann mit Rb8,b6,Bb7 eine Verteidigungsstellung auf.
Ich glaube nicht, daß Pr.Nikolic hier so gespielt hätte.} 9. Nbd2 Nd7 10. Nb3
Rb8 11. Qc2 Nf8 12. Rae1 Ne6 13. Bb2 b6 14. e3 Bb7 15. exd4 exd4 16. Re2 c5 17.
bxc5 bxc5 18. Ba3 $14 {Damljanovic,B-Nikolic,Zi/JUG-ch/1989/0.5 (80)}) 8... a5
{Die moderne Interpretation des schwarzen Aufbaus: Schwarz spielt am
Damenflügel mit.} 9. b5 c5 10. bxc6 (10. Ba3 $2 {Durch das Abschließen des
Damenflügels kommt das weiße Spiel zum Stehen, während Schwarz alle
Trumpfkarten (Vorstoß e5-e4) behält.} Nd7 11. Rb1 a4 12. Ne4 Qb6 13. h4 f5 14.
Neg5 h6 $17 {Rojas-Todorcevic/Oviedo/1992}) 10... Nexc6 11. Ba3 (11. Rb1 Na6 {
[%cal Ya6c5] Das ist die Idee: Schwarz spielt auf den schwarzen Feldern am
Damenflügel: c5 und etl. b4.} (11... Qc7 12. Ba3 $14) 12. Nb3 {sagt den Kampf
um das Feld c5 an. Nikolic wird auf diesen Plan auch etwas in petto gehabt
haben.} (12. Ne1 Re8 13. Nc2 Nab4 14. Rb2 Bf8 15. a3 Na6 $15 {[%csl Gc5]} 16.
Rb5 Nc7 17. Rb1 Ne6 18. Nb3 Ra7 19. a4 Nb4 $1 20. Na3 b6 21. Nb5 Rd7 22. Ba3
Bb7 23. Bxb7 Rxb7 $17 {Dizdarevic,E-Nikolic,P/Sarajevo/1987. Im Informator 43
hat Nikolic diese Partie selbst kommentiert.}) 12... Re8 (12... a4 13. Na1 {
[%cal Ya1c2]}) 13. Ba3 Bf8 14. Bxf8 Rxf8 15. Qc1 Qe7 16. Re1 Nab4 17. Qd2 Qd8
18. Nc5 $1 b6 19. Na4 Rb8 20. a3 Na6 21. c5 $1 {nimmt dem Schwarzen endgültig
das ewige N-Feld c5.} b5 22. Nb6 Nxc5 23. Nxc8 Rxc8 24. Rxb5 $14 {Schekachev,
A-Ivanov,V/Moscow4/1992}) 11... Nb4 (11... Re8 {Ein neuer Zug, der den
scharfen Varianten nach Nb4 aus dem Weg geht. M.E. ist hier das letzte Wort
noch nicht gesprochen.} 12. Rb1 (12. c5 $6 {Eine radikale Lösung: Weiß besetzt
das Schlüsselfeld c5 selbst. Es scheint aber, daß er hierfür noch nicht stark
genug steht.} Bf8 13. Ne4 (13. Nc4 Na6 14. Nb6 Rb8) 13... Na6 14. Nfd2 Ncb4 $15
{[%csl Rc5] Gurevich,D-Masserey,Y/Geneve op/1996}) 12... Na6 13. Qa4 $6 (13.
Qb3) 13... Ncb4 14. Bxb4 axb4 15. Rfc1 Bd7 16. Qb3 Bf8 17. Ne4 Bc6 18. Rc2 Nc5
$1 $17 {Klatt,O-Marczell,P/EU/M\GT/1990}) 12. Qb3 Qe7 {Diesen Zug empfahl
Nikolic 1987.} (12... N8a6 13. Bxb4 axb4 14. a3 bxa3 15. Qxa3 Re8 16. Rfb1 $16
{Larsen-Chandler, Hastings 1987}) 13. Ne1 N8c6 14. Nc2 Bh6 15. Nf3 Re8 16. Bxb4
axb4 17. a3 bxa3 18. Rxa3 Rxa3 19. Qxa3 Qxa3 20. Nxa3 e4 $13 {David,G-Burger,H/
corr/1990}) 7... O-O 8. Nc2 a5 {Wie nicht anders zu erwarten, hält sich
Nikolic auch unter diesen Bedingungen an sein Konzept des Gegenspiels am
Damenflügel.} (8... Nd7 9. O-O Rb8 10. a4 b6 11. b5 Bb7 12. Ba3 Nc5 13. Bxc5
bxc5 14. Nd2 Bxg2 15. Kxg2 f5 16. Nb3 $14 {Bernard-Flear/Paris/1992}) 9. b5 c5
10. bxc6 Nexc6 11. O-O Re8 12. Rb1 Bf8 13. Nd2 Na6 14. Ne4 $146 (14. Na3 Ncb4
15. Ra1 $8 Nc5 16. Nb5 Bg4 17. a3 Nba6 18. h3 Bd7 19. Rb1 a4 $15 20. Kh2 Bc6
21. f4 exf4 22. Rxf4 Ne6 23. Rf2 Nac5 $17 {Szmetan,J-Nikolic,P/Buenos Aires/
1992}) 14... Be7 (14... f5 15. Ng5 {[%cal Yg2d5]} (15. Bg5 Be7 $8 16. Bxe7 Qxe7
17. Nd2 Nab4 $132 18. Rb2 $13) 15... Nc7 (15... Nc5 16. Bd5+ Kg7 17. f4 $36)) (
14... Nab4 15. a3 Nxc2 (15... Na2 $2 16. Bg5 Be7 17. Bxe7 Qxe7 18. Rb2 Nc3 19.
Nxc3 dxc3 20. Rb3 $16) 16. Qxc2 $14 {[%cal Yb1b5]}) 15. a3 f5 16. Nd2 Nc5 (
16... Nc7 {verhindert Bd5, gibt Schwarz aber auch weniger aktive Möglichkeiten.
}) 17. Bd5+ Kh8 18. Nf3 {[%csl Re5]} Bf6 19. Rb5 (19. e3 Na4 20. Bd2 Nc3 (20...
Nb6) (20... dxe3 21. fxe3) 21. Bxc3 dxc3 22. Qe1 $13) 19... Ne6 (19... Na4 20.
Bd2 Nc3 21. Bxc3 dxc3 22. e4 $14 {[%csl Rb7,Rc3]}) 20. Bd2 Ra7 $2 (20... Nc7 $5
21. Bxc6 (21. Rc5 Nxd5 22. Rxd5 (22. cxd5 $2 Ne7 23. e4 b6 $17) 22... Qc7 $132)
21... bxc6 22. Rxa5 Na6 $44 {[%csl Ra5,Gc8] Es scheint mir, daß Schwarz hier
für den P genügend entschädigt ist: der Ra5 findet nicht leicht ins Spiel
zurück und langfristig droht Schwarz sich die Diagonale a8-h1 zu Nutze zu
machen.}) 21. Qa1 $1 Qc7 $2 (21... Nc7 22. Bxc6 bxc6 23. Rxa5 Na6 24. Rb1 $13)
22. e3 $1 $36 Qg7 (22... Bd7 23. exd4 Ncxd4 24. Ncxd4 exd4 25. Rbb1 Bc6 26.
Rfe1 $16) (22... dxe3 23. fxe3 $16 {[%cal Yd2c3]}) 23. exd4 e4 (23... exd4 24.
Re1 $16) 24. dxe4 fxe4 (24... Ncxd4 25. Ncxd4 Nxd4 26. Nxd4 Bxd4 27. Qb1 $16)
25. Ne5 (25. Bxe4 Nexd4 26. Nfxd4 Nxd4 27. Nxd4 Rxe4 $13) 25... Nxe5 (25...
Ncxd4 26. Nxd4 (26. Bh6 $2 Qxh6 27. Nf7+ Kg7 28. Nxh6 Ne2+ $19) (26. Nf7+ Qxf7
27. Nxd4 Bxd4 28. Qxd4+ Nxd4 29. Bxf7 Nf3+ (29... Nxb5 30. cxb5 $18) 30. Kg2
Nxd2 31. Bxe8 Nxf1 32. Kxf1 Be6 $11) 26... Bxe5 (26... Nxd4 27. Qxd4 $18) 27.
Nxe6 $8 Bxe6 28. Qb1 $16) 26. dxe5 Bxe5 27. Qc1 Bd7 (27... Nc7 28. Rxa5 Rxa5
29. Bxa5 Nxd5 30. cxd5 $16) 28. Bh6 (28. Rxb7 $2 Rxb7 29. Bxb7 Nc5 30. Bd5 Bh3
31. Rd1 (31. Bh6 Qc7) 31... Bg4 $132) (28. Rxa5 Rxa5 29. Bxa5 Nd4 30. Nxd4 Bxd4
31. Bd2 $16) 28... Qf6 29. Rb6 $1 (29. Rxb7 $2 Rxb7 30. Bxb7 g5 $17) 29... Ra6
(29... Bc6 30. Bxc6 bxc6 31. Rxc6 $18) 30. Rxa6 (30. Rxb7 $5) 30... bxa6 31.
Be3 {[%csl Gc4]} (31. Bxe4 $6 g5 $1 32. Qd1 $8 $13 (32. Qd2 $2 Bc8 33. f4 Nxf4
$17)) 31... Bb2 32. Qb1 Nc7 33. Bg5 $6 (33. Qxb2 Qxb2 34. Bd4+ Qxd4 35. Nxd4
Nxd5 36. cxd5 Re5 $11) (33. Rd1 $5 $16) (33. Bb7 $5 $16) 33... Qg7 34. Bh6 Qf6
35. Bg5 Qg7 36. Bh6 Qf6 37. Ne3 Bxa3 38. Qb7 $6 (38. Bxe4 $5) 38... Nxd5 $2 (
38... Bd6 39. c5 (39. Bxe4 g5 $17) 39... Be5 40. Bxe4 g5 41. Qb6 (41. Nd5 Qxh6
42. Nxc7 Bc8 $15) (41. f4 gxf4 42. Bxf4 Bxf4 43. Rxf4 Qd4 44. Qxc7 Qxe3+ 45.
Kg2 $11) 41... Bb5 $13) 39. Qxd7 1-0

[Event "Bern Training"]
[Site "Bern"]
[Date "1992.??.??"]
[Round "5"]
[White "Landenbergue, Claude"]
[Black "Campora, Daniel Hugo"]
[Result "1/2-1/2"]
[WhiteElo "2410"]
[BlackElo "2550"]
[Annotator "Horn,Pe"]
[PlyCount "107"]
[EventDate "1992.??.??"]
[EventType "schev"]
[EventRounds "3"]
[EventCountry "SUI"]
[SourceTitle "CBM 030"]
[Source "ChessBase"]
[SourceDate "1992.10.01"]
[SourceVersion "1"]
[SourceVersionDate "1992.10.01"]
[SourceQuality "1"]

1. Nf3 d5 2. c4 d4 3. e3 Nc6 4. exd4 Nxd4 5. Nxd4 Qxd4 6. Nc3 c6 (6... e5 $10)
7. d3 g6 (7... e5 8. Be3 Qd6 9. d4 exd4 10. Qxd4 Qxd4 11. Bxd4) (7... Nf6 $6 8.
Be3 Qd7 9. d4 g6 10. Be2 Bg7 11. h3 $14 {Aljechin-Euwe, WM 1937}) 8. Be3 Qd8 9.
Qd2 (9. d4 Nh6 $5 {/\ Nf5}) 9... Bg7 10. O-O-O (10. d4 $5 $14) 10... Nf6 11. h3
(11. Bh6 $2 Bxh6 12. Qxh6 Qd4) (11. f3 {/\ h4}) (11. Be2 {/\ h4}) 11... O-O 12.
g4 Qa5 {/\ b5} 13. Kb1 Rd8 14. Bg2 Be6 15. Ne2 Qa6 $1 (15... Qxd2 16. Rxd2 {
/\ Nf4+/=}) 16. Qc2 Rac8 {/\ b5} 17. Nf4 Bd7 {/\ e5} 18. d4 b5 19. Rhe1 $6 (19.
c5 $5 $14) (19. g5 $4 Bf5 $19) 19... bxc4 20. Bf1 c5 21. Bxc4 Bb5 22. Bxb5 Qxb5
23. dxc5 Ne4 $1 {/\ Nc3} 24. Ne2 (24. Qxe4 $4 Qxb2#) 24... Rxd1+ 25. Rxd1 Rb8
26. Bd4 (26. b3 $2 Qxe2 27. Qxe2 Nc3+ $19) 26... Nxc5 (26... Bxd4 $2 27. Nxd4
$16) (26... e5 27. Be3 Qxe2 $2 28. Rd8+ $18) 27. Bxg7 (27. Qxc5 $2 Qxc5 28.
Bxc5 Rxb2+ 29. Kc1 Rxe2 $17) (27. Bxc5 $2 Qxb2+ 28. Qxb2 Rxb2+ 29. Kc1 Rxe2 $17
) 27... Kxg7 28. Rd5 Rc8 29. Qd2 (29. Nd4 $2 Qf1+ 30. Qc1 Qxc1+ 31. Kxc1 e6 $19
) 29... e6 30. Qd4+ f6 31. Nc3 Qf1+ (31... Qc6 32. Rd6 Qh1+ 33. Qd1 Qxh3 34.
Rd7+ {-> Partie}) 32. Qd1 Qxh3 (32... Qxd1+ 33. Rxd1 $14) 33. Rd7+ $1 Kh6 $8
34. Rxa7 Qd3+ 35. Qxd3 Nxd3 36. f3 Rb8 37. b3 Ne5 38. Ne4 Nxf3 39. Nxf6 Kg5 40.
Nxh7+ Kxg4 41. Re7 e5 42. Kb2 g5 43. a4 Kf4 44. a5 Nd4 45. Rf7+ Ke3 46. Nxg5
Rxb3+ 47. Ka2 Rb5 48. a6 Ra5+ 49. Kb2 Rxa6 50. Re7 Rb6+ 51. Kc3 Rc6+ 52. Kb2
Kf4 53. Nf7 e4 54. Ng5 $1 1/2-1/2

[Event "Podgorica"]
[Site "Podgorica"]
[Date "1993.??.??"]
[Round "3"]
[White "Makarov, Marat"]
[Black "Drasko, Milan"]
[Result "1-0"]
[WhiteElo "2515"]
[BlackElo "2475"]
[Annotator "Horn,Pe"]
[PlyCount "103"]
[EventDate "1993.02.??"]
[EventType "tourn"]
[EventRounds "13"]
[EventCountry "YUG"]
[EventCategory "10"]
[SourceTitle "CBM 036"]
[Source "ChessBase"]
[SourceDate "1993.10.01"]
[SourceVersion "1"]
[SourceVersionDate "1993.10.01"]
[SourceQuality "1"]

1. Nf3 d5 2. c4 dxc4 3. e3 e6 4. Bxc4 Nf6 5. O-O c5 6. b3 (6. d4 {->D}) 6...
Nc6 7. Bb2 Bd6 (7... a6 8. Be2 $14) 8. d4 O-O 9. Nc3 cxd4 10. Nxd4 Bd7 11. Ncb5
Be7 12. Nxc6 Bxc6 13. Qxd8 Rfxd8 14. Rfd1 a6 15. Nd4 Bd5 (15... Be8 16. Be2 {
/\ Bf3+/=}) 16. Be2 Rac8 17. Rac1 {/\ f3,e4} Bc5 18. Kf1 Bb6 19. Rxc8 Rxc8 20.
f3 Kf8 21. e4 Bc6 22. Nxc6 $16 Rxc6 23. Bc4 Ke7 24. Ke2 Bc7 25. g3 b5 26. Bd3
e5 27. a4 bxa4 28. bxa4 Nd7 29. Rc1 Rxc1 30. Bxc1 Nc5 (30... a5) 31. Ba3 Bd6
32. Bxc5 Bxc5 33. Bxa6 Kd6 (33... Bb6 34. Kd3 Kd6 35. Kc4 Kc6 36. Bb5+ Kd6 37.
Kb4 Bc5+ 38. Ka5 Kc7 39. Be8 f6 40. Kb5) 34. Bc4 f6 35. a5 Ba7 36. Bg8 h6 37.
f4 Kc5 $2 (37... exf4 38. gxf4 g5) 38. f5 Kd6 39. Kf3 Bg1 40. a6 Bb6 41. Kg4
Ke7 42. Kh5 Kf8 43. Bc4 Bc5 44. Kg6 Bb6 45. g4 Bc5 46. h4 Be3 47. Bd5 Bd4 48.
g5 hxg5 49. hxg5 fxg5 50. Kxg5 Bf2 51. Kg6 Bc5 52. Bc6 (52. Bc6 Bb6 53. f6 gxf6
54. Kxf6 Bd4 55. Ke6 Kg7 56. Kd6 Kf7 57. Kc7 Ke6 58. Kb7 $18) 1-0